| 000 | 00729cam a2200253ua 4500 | ||
|---|---|---|---|
| 005 | 20230330135106.0 | ||
| 008 | 191104n ii |||gr||||Z||||||asm | ||
| 020 | _a9789352655090 | ||
| 040 |
_cMAIN _aIN-DiNC |
||
| 041 | _dasm | ||
| 082 |
_a891.4514 _bASO |
||
| 245 |
_aAsomiya bhasa sahitya sanskriti/ _cedited by Ratneswar Mili and Momi Sarma |
||
| 250 | _a1st ed. | ||
| 260 |
_aGuwahati: _bOlympia prakashan, _c2016. |
||
| 300 | _a524p. | ||
| 650 | _aAssamese language | ||
| 650 | _aAssamese literature | ||
| 650 | _aAssamese culture | ||
| 653 | _aEast Indo-European & Celtic literatures | ||
| 653 | _aAssamese literature | ||
| 700 |
_aMili, Ratneswar _eEditor |
||
| 700 |
_aSarma, Momi _eEditor |
||
| 942 |
_cBK _2ddc |
||
| 999 |
_c10563 _d10563 |
||